000 00654nam a2200205 a 4500
005 20140310183552.0
008 111013s19uu xx 00 eng d
020 _a9781412938891
050 _aLB 1570
_b.F655 2009
100 _aFogarty, Robin
245 _aHow to integrate the curricula /
_cRobin Fogarty.
250 _a3rd ed.
260 _aCalifornia :
_bCorwin,
_c2009.
300 _a139 p. :
_bill. ;
_c29 cm.
521 _aEDU
650 _aEducation
_xCurricula
_xUnited Sates Handbooks, manuals, etc.
650 _aInterdisciplinary approach in education
_xUnited States
_xHandbooks, manuals, etc.
942 _cBK
_2lcc
_kFOR
999 _c24962
_d24962